[Event "Arco op 44th"]
[Site "Arco"]
[Date "2022.10.16"]
[Round "9"]
[White "Niccoli, Paolo"]
[Black "Cluyts, Marc"]
[Result "1-0"]
[WhiteElo "1757"]
[BlackElo "1930"]
[PlyCount "65"]
[EventDate "2022.10.08"]
[EventType "swiss"]
[EventRounds "9"]
[EventCountry "ITA"]
[SourceTitle "CBM 210 Extra"]
[Source "ChessBase"]
[SourceDate "2022.11.30"]
[SourceVersion "1"]
[SourceVersionDate "2022.11.30"]
[SourceQuality "1"]

1. c4 b6 2. Nc3 e6 3. e4 Bb7 4. g3 f5 5. Bg2 Nf6 6. d3 Bb4 7. Nge2 fxe4 8. 0-0 0-0 9. a3 Bxc3 10. Nxc3 d6 11. dxe4 Nbd7 12. Bg5 a6 13. Qe2 Qe8 14. f4 e5 15. f5 Nc5 16. b4 Nb3 17. Rad1 Nd4 18. Qd2 Qh5 19. h3 h6 20. Be3 c5 21. g4 Qf7 22. Nd5 Nxd5 23. cxd5 a5 24. bxc5 bxc5 25. h4 Ba6 26. Rf2 Rfb8 27. f6 gxf6 28. Bxh6 Qd7 29. Bh3 Be2 30. Rxf6 Bxg4 31. Qg5+ Kh7 32. Qg6+ Kh8 33. Rf7 1-0

[Event "Arco op 44th"]
[Site "Arco"]
[Date "2022.10.15"]
[Round "8"]
[White "Leutwyler, Martin"]
[Black "Niccoli, Paolo"]
[Result "1-0"]
[WhiteElo "2117"]
[BlackElo "1757"]
[PlyCount "55"]
[EventDate "2022.10.08"]
[EventType "swiss"]
[EventRounds "9"]
[EventCountry "ITA"]
[SourceTitle "CBM 210 Extra"]
[Source "ChessBase"]
[SourceDate "2022.11.30"]
[SourceVersion "1"]
[SourceVersionDate "2022.11.30"]
[SourceQuality "1"]

1. d4 Nf6 2. c4 c5 3. d5 b5 4. Qc2 d6 5. e4 g6 6. cxb5 Bg7 7. Nc3 0-0 8. Nf3 a6 9. a4 Nbd7 10. h3 e6 11. dxe6 fxe6 12. Be2 axb5 13. Bxb5 Qb6 14. 0-0 Ba6 15. Bg5 h6 16. Be3 Bxb5 17. axb5 Ne5 18. Qb3 Kf7 19. Nd2 Nfd7 20. Nc4 Nxc4 21. Qxc4 Rfe8 22. Rxa8 Rxa8 23. f4 Ke7 24. Bd2 e5 25. Be3 exf4 26. Bxf4 Re8 27. Bg3 Rf8 28. Ra1 1-0

[Event "Arco op 44th"]
[Site "Arco"]
[Date "2022.10.14"]
[Round "7"]
[White "Niccoli, Paolo"]
[Black "Pagano, Sergio1111"]
[Result "1-0"]
[WhiteElo "1757"]
[BlackElo "1921"]
[PlyCount "35"]
[EventDate "2022.10.08"]
[EventType "swiss"]
[EventRounds "9"]
[EventCountry "ITA"]
[SourceTitle "CBM 210 Extra"]
[Source "ChessBase"]
[SourceDate "2022.11.30"]
[SourceVersion "1"]
[SourceVersionDate "2022.11.30"]
[SourceQuality "1"]

1. c4 e6 2. g3 d5 3. Bg2 Nf6 4. Nf3 c5 5. 0-0 Nc6 6. cxd5 exd5 7. d4 Be7 8. Nc3 0-0 9. Bg5 c4 10. Ne5 h6 11. Bxf6 gxf6 12. Nxc6 bxc6 13. e4 Rb8 14. exd5 cxd5 15. Nxd5 Rxb2 16. Qc1 Rb7 17. Qxh6 Rd7 18. Be4 1-0

[Event "Arco op 44th"]
[Site "Arco"]
[Date "2022.10.13"]
[Round "6"]
[White "Niccoli, Paolo"]
[Black "Donadi, Luca"]
[Result "1-0"]
[WhiteElo "1757"]
[BlackElo "1650"]
[PlyCount "65"]
[EventDate "2022.10.08"]
[EventType "swiss"]
[EventRounds "9"]
[EventCountry "ITA"]
[SourceTitle "CBM 210 Extra"]
[Source "ChessBase"]
[SourceDate "2022.11.30"]
[SourceVersion "1"]
[SourceVersionDate "2022.11.30"]
[SourceQuality "1"]

1. c4 e5 2. Nc3 Nf6 3. g3 d5 4. cxd5 Nxd5 5. Bg2 Nb6 6. Nf3 Nc6 7. 0-0 Be7 8. d3 0-0 9. Be3 Be6 10. Rc1 f6 11. a3 Na5 12. b4 Nb3 13. Rb1 Nd4 14. Bxd4 exd4 15. Nb5 c5 16. bxc5 Bxc5 17. Rc1 Be7 18. Nc7 Bd5 19. Nxa8 Nxa8 20. Qa4 Bc6 21. Qxd4 Bxa3 22. Rb1 Qe7 23. Qxa7 Bc5 24. Qa2+ Kh8 25. Rfc1 Nc7 26. Qc4 Bd6 27. Nd4 Bxg2 28. Kxg2 b5 29. Qc6 g6 30. Nxb5 Nxb5 31. Rxb5 Ba3 32. Ra1 Bd6 33. Ra8 1-0

[Event "Arco op 43rd"]
[Site "Arco"]
[Date "2021.10.09"]
[Round "1"]
[White "Sirosh, Ilja"]
[Black "Niccoli, Paolo"]
[Result "1-0"]
[WhiteElo "2400"]
[BlackElo "1836"]
[PlyCount "49"]
[EventDate "2021.10.09"]
[EventType "swiss"]
[EventRounds "9"]
[EventCountry "ITA"]
[SourceTitle "CBM 204 Extra"]
[Source "ChessBase"]
[SourceDate "2021.11.30"]
[SourceVersion "1"]
[SourceVersionDate "2021.11.30"]
[SourceQuality "1"]

1. d4 Nf6 2. c4 c5 3. d5 b5 4. cxb5 a6 5. bxa6 Bxa6 6. Nc3 g6 7. e4 Bxf1 8. Kxf1 d6 9. g3 Bg7 10. Kg2 0-0 11. Nf3 Nbd7 12. a4 Qb6 13. Qe2 Qb4 14. Bd2 Rfb8 15. b3 c4 16. Nd4 Qc5 17. Nc6 cxb3 18. Nxb8 Rxb8 19. a5 Ne5 20. Ra4 Rc8 21. Rb1 Rb8 22. a6 Nfd7 23. a7 Ra8 24. Rxb3 Nb6 25. Be3 1-0

[Event "Arco op 40th"]
[Site "Arco"]
[Date "2018.10.21"]
[Round "9"]
[White "Roversi, Stefano"]
[Black "Niccoli, Paolo"]
[Result "1-0"]
[WhiteElo "1708"]
[BlackElo "1801"]
[PlyCount "101"]
[EventDate "2018.10.13"]
[EventType "swiss"]
[EventRounds "9"]
[EventCountry "ITA"]
[SourceTitle "CBM 186 Extra"]
[Source "ChessBase"]
[SourceDate "2018.08.24"]
[SourceVersion "1"]
[SourceVersionDate "2018.08.24"]
[SourceQuality "1"]

1. Nf3 c5 2. g3 g6 3. Bg2 Bg7 4. 0-0 Nc6 5. e4 e5 6. Nc3 Nge7 7. d3 0-0 8. Bd2 d6 9. Qc1 Nd4 10. Bh6 f5 11. Bxg7 Kxg7 12. Nxd4 cxd4 13. Ne2 d5 14. f4 fxe4 15. fxe5 e3 16. Nxd4 Rxf1+ 17. Qxf1 Nf5 18. Nxf5+ Bxf5 19. Qf3 Rc8 20. Qxe3 Rxc2 21. e6 Qb6 22. Qxb6 axb6 23. Bxd5 Re2 24. Rc1 Bxe6 25. Bxe6 Rxe6 26. Rc7+ Kh6 27. Rxb7 Rd6 28. d4 Kg5 29. Kf2 h5 30. Ke3 Kg4 31. Ke4 Kh3 32. Ke5 Rc6 33. d5 Rc2 34. Rxb6 g5 35. d6 Rd2 36. Ke6 Kxh2 37. d7 Re2+ 38. Kf6 Rd2 39. Ke7 Kxg3 40. Rb3+ Kg2 41. d8Q Rxd8 42. Kxd8 h4 43. a4 h3 44. Rxh3 Kxh3 45. a5 g4 46. a6 g3 47. a7 g2 48. a8Q g1Q 49. Qf3+ Kh4 50. Qf6+ Kh5 51. Qh8+ 1-0

[Event "Arco op-A 39th"]
[Site "Arco"]
[Date "2017.10.11"]
[Round "5"]
[White "Niccoli, Paolo"]
[Black "Beulertz, Stefan"]
[Result "1/2-1/2"]
[WhiteElo "1801"]
[BlackElo "1994"]
[PlyCount "57"]
[EventDate "2017.10.07"]
[EventType "swiss"]
[EventRounds "9"]
[EventCountry "ITA"]
[SourceTitle "CBM 181 Extra"]
[Source "ChessBase"]
[SourceDate "2017.12.12"]
[SourceVersion "1"]
[SourceVersionDate "2017.12.12"]
[SourceQuality "1"]

1. c4 f5 2. g3 Nf6 3. Bg2 d6 4. Nc3 e5 5. Nf3 Be7 6. 0-0 c6 7. d3 Na6 8. e4 0-0 9. exf5 Bxf5 10. d4 exd4 11. Nxd4 Bg4 12. Qa4 Nc5 13. Qc2 a5 14. Bg5 Qd7 15. Rfe1 Rae8 16. a3 h6 17. Bf4 Ne6 18. Nxe6 Bxe6 19. b3 Bf5 20. Qd2 g5 21. Be3 Ng4 22. Bd4 c5 23. Be3 Ne5 24. Ne4 Bh3 25. Qd5+ Be6 26. Qd1 Bg4 27. Qd5+ Be6 28. Qd1 Bg4 29. Qd5+ 1/2-1/2

[Event "Arco op-A 39th"]
[Site "Arco"]
[Date "2017.10.10"]
[Round "4"]
[White "Tocco, Paolo"]
[Black "Niccoli, Paolo"]
[Result "1/2-1/2"]
[WhiteElo "2097"]
[BlackElo "1801"]
[PlyCount "88"]
[EventDate "2017.10.07"]
[EventType "swiss"]
[EventRounds "9"]
[EventCountry "ITA"]
[SourceTitle "CBM 181 Extra"]
[Source "ChessBase"]
[SourceDate "2017.12.12"]
[SourceVersion "1"]
[SourceVersionDate "2017.12.12"]
[SourceQuality "1"]

1. f4 c5 2. Nf3 g6 3. g3 Bg7 4. Bg2 Nc6 5. d3 Nf6 6. 0-0 0-0 7. c3 d6 8. e4 e5 9. f5 gxf5 10. exf5 Bxf5 11. Nxe5 dxe5 12. Rxf5 c4 13. Bxc6 bxc6 14. Rxe5 Qxd3 15. Qxd3 cxd3 16. Rc5 Rfe8 17. Nd2 Re2 18. Rxc6 Rd8 19. Ra6 Nd5 20. Nf1 Nxc3 21. bxc3 Bxc3 22. Rb1 Bd4+ 23. Kh1 Re1 24. Kg2 Rde8 25. Rd6 R8e2+ 26. Kh3 Bb6 27. Rxd3 Rxf1 28. Rb2 Rxb2 29. Bxb2 Rf2 30. Rb3 Kf8 31. a4 Re2 32. Bc3 Bg1 33. Rb2 Rxb2 34. Bxb2 Ke7 35. Kg2 Bb6 36. Kf3 Kd6 37. Ke4 Kc5 38. Kf5 Bd8 39. Bc3 Kc4 40. Be1 a5 41. g4 Kb3 42. Bxa5 Bxa5 43. Kf6 Kxa4 44. Kxf7 h6 1/2-1/2

[Event "Arco op 38th"]
[Site "Arco"]
[Date "2016.10.15"]
[Round "8"]
[White "Niccoli, Paolo"]
[Black "Mastroddi, Emiliano"]
[Result "0-1"]
[WhiteElo "1784"]
[BlackElo "2045"]
[PlyCount "114"]
[EventDate "2016.10.08"]
[EventType "swiss"]
[EventRounds "9"]
[EventCountry "ITA"]
[SourceTitle "EXT 2017"]
[Source "ChessBase"]
[SourceDate "2016.10.25"]
[SourceVersion "1"]
[SourceVersionDate "2016.10.25"]
[SourceQuality "1"]

1. e4 c5 2. Nc3 Nc6 3. g3 g6 4. Bg2 Bg7 5. d3 d6 6. Be3 Nf6 7. h3 0-0 8. f4 Nd4 9. Nf3 Nd7 10. 0-0 Rb8 11. g4 e6 12. f5 Nxf3+ 13. Qxf3 Ne5 14. Qf2 f6 15. Rae1 b5 16. fxe6 Bxe6 17. Nd5 Bxd5 18. exd5 f5 19. gxf5 Rxf5 20. Qg3 Rxf1+ 21. Rxf1 Rb7 22. Qg5 Qxg5 23. Bxg5 Rf7 24. Rxf7 Kxf7 25. Kf2 h6 26. Bf4 g5 27. Bxe5 Bxe5 28. b3 Kf6 29. Kf3 Kf5 30. Ke3 Bf4+ 31. Ke2 Ke5 32. c3 b4 33. cxb4 cxb4 34. Kd1 Kd4 35. Kc2 Ke3 36. Be4 h5 37. Bf5 Be5 38. Be6 Kf4 39. Kd2 g4 40. Ke2 gxh3 41. Bxh3 Kg3 42. Be6 Bd4 43. Bf5 h4 44. Be4 h3 45. Bf3 Bg1 46. Be4 Kf4 47. Bh1 a5 48. Be4 Ke5 49. Kd2 Kd4 50. Bf3 Be3+ 51. Ke2 h2 52. Kf1 Kxd3 53. Kg2 Bf4 54. Bg4 Kc3 55. Bd7 Kb2 56. Bb5 Kxa2 57. Bc6 Kxb3 0-1

[Event "Arco op 38th"]
[Site "Arco"]
[Date "2016.10.13"]
[Round "6"]
[White "Niccoli, Paolo"]
[Black "Hilbenz, Guntram"]
[Result "0-1"]
[WhiteElo "1784"]
[BlackElo "1933"]
[PlyCount "138"]
[EventDate "2016.10.08"]
[EventType "swiss"]
[EventRounds "9"]
[EventCountry "ITA"]
[SourceTitle "EXT 2017"]
[Source "ChessBase"]
[SourceDate "2016.10.25"]
[SourceVersion "1"]
[SourceVersionDate "2016.10.25"]
[SourceQuality "1"]

1. e4 e5 2. Nf3 d6 3. d4 exd4 4. Nxd4 Nf6 5. Nc3 Be7 6. Be2 0-0 7. 0-0 c5 8. Nf5 Bxf5 9. exf5 Qd7 10. g4 h6 11. h4 Nh7 12. h5 Nc6 13. f4 Nd4 14. Bc4 b5 15. Bd5 Rad8 16. Ne4 b4 17. c3 bxc3 18. bxc3 Nb5 19. g5 Nc7 20. g6 Nf6 21. Bxf7+ Kh8 22. Ng3 d5 23. Re1 d4 24. cxd4 cxd4 25. Qe2 Bc5 26. Qc4 Bb6 27. Ba3 d3+ 28. Kg2 d2 29. Red1 Ng4 30. Nf1 Nd5 31. Qxd5 Qxd5+ 32. Bxd5 Rxf5 33. Be6 Rxf4 34. Bxg4 Rxg4+ 35. Kf3 Rgd4 36. Bb2 Rf8+ 37. Kg2 Rg4+ 38. Kh3 Rg5 39. Rxd2 Rxh5+ 40. Kg2 Rg5+ 41. Ng3 Rxg6 42. Rad1 Kh7 43. Bd4 Rd8 44. Kh3 Rxd4 45. Rxd4 Bxd4 46. Rxd4 Ra6 47. a4 Ra5 48. Ne4 Kg6 49. Nc3 Kf6 50. Kg4 h5+ 51. Kf4 g5+ 52. Ke4 Re5+ 53. Kd3 g4 54. Rd6+ Kf5 55. Ra6 Re7 56. Ra5+ Kg6 57. Ne4 Rd7+ 58. Ke3 Re7 59. Rg5+ Kh6 60. Rb5 Kg6 61. a5 Rf7 62. Kd4 Rf5 63. Nc5 g3 64. Rb1 h4 65. a6 Rxc5 66. Kxc5 Kf5 67. Kd4 h3 68. Ke3 h2 69. Rf1+ Ke5 0-1

[Event "Arco op 37th"]
[Site "Arco"]
[Date "2015.10.17"]
[Round "8"]
[White "Niccoli, Paolo"]
[Black "Castellano, Alfonso"]
[Result "1-0"]
[WhiteElo "1835"]
[BlackElo "1938"]
[PlyCount "75"]
[EventDate "2015.10.10"]
[EventType "swiss"]
[EventRounds "9"]
[EventCountry "ITA"]
[SourceTitle "CBM 168 Extra"]
[Source "ChessBase"]
[SourceDate "2015.10.29"]
[SourceVersion "1"]
[SourceVersionDate "2015.10.29"]
[SourceQuality "1"]

1. e4 c5 2. Nc3 d6 3. g3 Nc6 4. Bg2 g6 5. d3 Bg7 6. Be3 Rb8 7. Qd2 b5 8. f4 e5 9. Nf3 Nd4 10. h3 Ne7 11. 0-0 0-0 12. f5 b4 13. Nd1 Nxf3+ 14. Rxf3 gxf5 15. Bh6 f6 16. Bxg7 Kxg7 17. Ne3 Rg8 18. Nxf5+ Nxf5 19. exf5 Bb7 20. Rf2 Kh8 21. g4 Qf8 22. Kh2 d5 23. a3 a5 24. axb4 axb4 25. Ra7 Qd6 26. Rf1 Qb6 27. Rfa1 b3 28. cxb3 Qxb3 29. Qh6 Qxb2 30. Qxf6+ Rg7 31. Qd6 Rgg8 32. Qxc5 d4 33. R1a2 Qb1 34. Bxb7 Rxb7 35. Qxe5+ Rbg7 36. Ra8 Qb7 37. Rxg8+ Kxg8 38. Qe8# 1-0

[Event "Arco op 36th"]
[Site "Arco"]
[Date "2014.10.11"]
[Round "8"]
[White "Brioschi, Camillo"]
[Black "Niccoli, Paolo"]
[Result "1/2-1/2"]
[WhiteElo "1782"]
[BlackElo "1860"]
[PlyCount "36"]
[EventDate "2014.10.04"]
[EventType "swiss"]
[EventRounds "9"]
[EventCountry "ITA"]
[SourceTitle "EXT 2016"]
[Source "ChessBase"]
[SourceDate "2015.10.08"]
[SourceVersion "1"]
[SourceVersionDate "2015.10.08"]
[SourceQuality "1"]

1. d4 g6 2. c4 Bg7 3. e4 d6 4. Nc3 Nf6 5. Be2 0-0 6. f4 c5 7. Nf3 cxd4 8. Nxd4 Nc6 9. Be3 Ng4 10. Bxg4 Bxg4 11. Nxc6 Bxd1 12. Nxd8 Bc2 13. Nxf7 Bxc3+ 14. bxc3 Rxf7 15. e5 dxe5 16. fxe5 b6 17. Ke2 Rc8 18. Rhf1 Rxc4 1/2-1/2

[Event "Arco op 36th"]
[Site "Arco"]
[Date "2014.10.07"]
[Round "4"]
[White "Cardilli, Mariano"]
[Black "Niccoli, Paolo"]
[Result "1-0"]
[WhiteElo "2097"]
[BlackElo "1860"]
[PlyCount "47"]
[EventDate "2014.10.04"]
[EventType "swiss"]
[EventRounds "9"]
[EventCountry "ITA"]
[SourceTitle "EXT 2016"]
[Source "ChessBase"]
[SourceDate "2015.10.08"]
[SourceVersion "1"]
[SourceVersionDate "2015.10.08"]
[SourceQuality "1"]

1. d4 Nf6 2. c4 c5 3. d5 b5 4. cxb5 g6 5. Nc3 a6 6. bxa6 Bxa6 7. Nf3 d6 8. e4 Bxf1 9. Kxf1 Bg7 10. h3 0-0 11. Kg1 Nbd7 12. Kh2 Qa5 13. Re1 Rfb8 14. Re2 Ne8 15. Bf4 Bxc3 16. bxc3 Qxc3 17. Rc1 Qa3 18. Rcc2 f6 19. Re3 Qa4 20. Qc1 Nc7 21. Bg3 Nb5 22. Rb3 Nd4 23. Nxd4 Qxd4 24. Rc4 1-0

[Event "Arco op 35th"]
[Site "Arco"]
[Date "2013.10.20"]
[Round "9"]
[White "Niccoli, Paolo"]
[Black "Dappiano, Andrea"]
[Result "0-1"]
[WhiteElo "1870"]
[BlackElo "2170"]
[PlyCount "100"]
[EventDate "2013.10.12"]
[EventType "swiss"]
[EventRounds "9"]
[EventCountry "ITA"]
[SourceTitle "EXT 2014"]
[Source "ChessBase"]
[SourceDate "2013.11.20"]
[SourceVersion "1"]
[SourceVersionDate "2013.11.20"]
[SourceQuality "1"]

1. e4 d6 2. d3 e5 3. g3 Nf6 4. Bg2 Be7 5. c4 0-0 6. Nc3 c6 7. Nge2 a6 8. 0-0 b5 9. h3 Nbd7 10. Be3 Nb6 11. b3 b4 12. Nb1 d5 13. f4 d4 14. Bf2 Nfd7 15. Nd2 f6 16. Nf3 a5 17. f5 Nc5 18. g4 a4 19. Qc2 Bd6 20. h4 Rf7 21. Rab1 Rfa7 22. Rb2 axb3 23. axb3 Ra3 24. Be1 Nba4 25. bxa4 Nxd3 26. Rb3 Nxe1 27. Rxe1 d3 28. Rxd3 Bc5+ 29. Ned4 Rxd3 30. Qxd3 Bxd4+ 31. Nxd4 c5 32. Rd1 Qxd4+ 33. Qxd4 cxd4 34. Ra1 Ra5 35. Bf3 Ba6 36. Be2 Kf8 37. Kf1 Ke7 38. Ke1 Kd6 39. Kd2 Kc5 40. g5 b3 41. h5 h6 42. gxh6 gxh6 43. Bd3 Kb4 44. Rg1 Rxa4 45. Rg6 Ra2+ 46. Kc1 Kc3 47. Bb1 Bxc4 48. Rg3+ d3 49. Kd1 Ra1 50. Kc1 b2+ 0-1

[Event "Arco op 34th"]
[Site "Arco"]
[Date "2012.10.19"]
[Round "7"]
[White "Dieli, Riccardo"]
[Black "Niccoli, Paolo"]
[Result "0-1"]
[WhiteElo "1839"]
[BlackElo "1915"]
[PlyCount "112"]
[EventDate "2012.10.13"]
[EventType "swiss"]
[EventRounds "9"]
[EventCountry "ITA"]
[SourceTitle "EXT 2013"]
[Source "ChessBase"]
[SourceDate "2012.11.22"]
[SourceVersion "1"]
[SourceVersionDate "2012.11.22"]
[SourceQuality "1"]

1. Nf3 c5 2. c4 Nc6 3. g3 e5 4. d3 g6 5. Bg2 Bg7 6. 0-0 Nge7 7. Bg5 h6 8. Bd2 0-0 9. Nc3 d6 10. Rb1 Be6 11. a3 a5 12. Qc1 Kh7 13. Nb5 Rc8 14. b4 axb4 15. axb4 cxb4 16. Bxb4 Nxb4 17. Rxb4 d5 18. Nd2 Nc6 19. Ra4 f5 20. Qa3 Re8 21. cxd5 Bxd5 22. Bxd5 Qxd5 23. Qb3 Qd7 24. Nc4 Qe6 25. Rb1 Nd4 26. Nxd4 exd4 27. Rb2 Rc7 28. Qb6 Qxb6 29. Nxb6 Rc1+ 30. Kg2 Re1 31. Kf3 g5 32. Raa2 g4+ 33. Kg2 Re6 34. Nc4 b5 35. Rxb5 R6xe2 36. Rxe2 Rxe2 37. Rxf5 Rc2 38. h3 Rc3 39. Ne5 Rc5 40. hxg4 Rxe5 41. Rxe5 Bxe5 42. f4 Bg7 43. Kf3 Kg6 44. Ke4 Bf6 45. Kf3 Kf7 46. Ke4 Ke6 47. g5 hxg5 48. fxg5 Bg7 49. Kf4 Bf8 50. Ke4 Bc5 51. Kf4 Kf7 52. Kf5 Ba7 53. g6+ Kg7 54. g4 Bb6 55. Kg5 Bd8+ 56. Kf5 Bf6 0-1

[Event "Giovanni Pico Cup 5th"]
[Site "Mirandola"]
[Date "2012.01.14"]
[Round "3"]
[White "Campini, Marco"]
[Black "Niccoli, Paolo"]
[Result "1-0"]
[WhiteElo "2092"]
[BlackElo "1986"]
[PlyCount "63"]
[EventDate "2012.01.13"]
[EventType "swiss"]
[EventRounds "5"]
[EventCountry "ITA"]
[SourceTitle "EXT 2023"]
[Source "ChessBase"]
[SourceDate "2022.10.05"]
[SourceVersion "1"]
[SourceVersionDate "2022.10.05"]
[SourceQuality "1"]

1. e4 c5 2. Nc3 Nc6 3. g3 g6 4. Bg2 Bg7 5. d3 e6 6. Nh3 Nge7 7. Be3 b6 8. Bg5 h6 9. Bf4 d5 10. exd5 Nxd5 11. Nxd5 exd5 12. 0-0 0-0 13. c3 g5 14. Be3 Qd6 15. f4 g4 16. Nf2 Re8 17. Re1 h5 18. Qa4 Bd7 19. Qa3 Na5 20. Bd2 Bc6 21. Rac1 Nb7 22. Rxe8+ Bxe8 23. Re1 a5 24. Qb3 Rd8 25. f5 c4 26. Qc2 cxd3 27. Nxd3 Nc5 28. Nf4 Ne4 29. Nxh5 Be5 30. Bxe4 dxe4 31. Qxe4 f6 32. Qxg4+ 1-0

[Event "Arco op"]
[Site "Arco"]
[Date "2011.12.30"]
[Round "7"]
[White "Gehrke, Rolf1111"]
[Black "Niccoli, Paolo"]
[Result "1-0"]
[WhiteElo "2085"]
[BlackElo "1960"]
[PlyCount "91"]
[EventDate "2011.12.26"]
[EventType "swiss"]
[EventRounds "7"]
[EventCountry "ITA"]
[SourceTitle "EXT 2023"]
[Source "ChessBase"]
[SourceDate "2022.10.05"]
[SourceVersion "1"]
[SourceVersionDate "2022.10.05"]
[SourceQuality "1"]

1. Nf3 Nf6 2. g3 g6 3. Bg2 Bg7 4. 0-0 0-0 5. d4 d6 6. c4 Nc6 7. Nc3 e5 8. d5 Ne7 9. e4 Nd7 10. Ne1 f5 11. Nd3 Nf6 12. f3 fxe4 13. Nxe4 Nf5 14. c5 Nd4 15. cxd6 cxd6 16. Nxf6+ Qxf6 17. Be3 Bf5 18. Rc1 Rac8 19. Kh1 Rxc1 20. Nxc1 Rc8 21. Qa4 Qd8 22. Nb3 b5 23. Qa6 Rc2 24. Qxa7 Bd3 25. Rd1 Be2 26. Rc1 Rxc1+ 27. Nxc1 Bxf3 28. Bxf3 Nxf3 29. Ne2 Qc8 30. Qe7 Qh3 31. Qe6+ Qxe6 32. dxe6 e4 33. Nf4 Bxb2 34. Nd5 Kf8 35. Bb6 Ke8 36. e7 Nd4 37. Kg2 Nc6 38. Nc7+ Kxe7 39. Nxb5 Ke6 40. a4 d5 41. a5 d4 42. a6 d3 43. Be3 Bd4 44. Nxd4+ Nxd4 45. a7 Nc2 46. Kf2 1-0

[Event "Arco op"]
[Site "Arco"]
[Date "2011.12.27"]
[Round "3"]
[White "Paltrinieri, Nicholas"]
[Black "Niccoli, Paolo"]
[Result "0-1"]
[WhiteElo "2109"]
[BlackElo "1960"]
[PlyCount "54"]
[EventDate "2011.12.26"]
[EventType "swiss"]
[EventRounds "7"]
[EventCountry "ITA"]
[SourceTitle "EXT 2023"]
[Source "ChessBase"]
[SourceDate "2022.10.05"]
[SourceVersion "1"]
[SourceVersionDate "2022.10.05"]
[SourceQuality "1"]

1. f4 d5 2. Nf3 Nf6 3. e3 g6 4. b4 Bg7 5. Bb2 0-0 6. Be2 a5 7. a3 axb4 8. axb4 Rxa1 9. Bxa1 Na6 10. b5 Nc5 11. 0-0 c6 12. c4 Bg4 13. Ne5 Bxe2 14. Qxe2 Nfd7 15. Nc3 Nxe5 16. fxe5 d4 17. exd4 Qxd4+ 18. Kh1 Nb3 19. bxc6 bxc6 20. e6 f5 21. Rb1 Ra8 22. Na4 Nxa1 23. Qf3 Qe4 24. Qxe4 fxe4 25. Nb6 Re8 26. c5 Bd4 27. Re1 Nc2 0-1

[Event "Arco op 33rd"]
[Site "Arco"]
[Date "2011.10.26"]
[Round "5"]
[White "Niccoli, Paolo"]
[Black "Mastroddi, Emiliano"]
[Result "1-0"]
[WhiteElo "1943"]
[BlackElo "2097"]
[PlyCount "65"]
[EventDate "2011.10.22"]
[EventType "swiss"]
[EventRounds "9"]
[EventCountry "ITA"]
[SourceTitle "EXT 2012"]
[Source "ChessBase"]
[SourceDate "2011.11.24"]
[SourceVersion "1"]
[SourceVersionDate "2011.11.24"]
[SourceQuality "1"]

1. e4 c5 2. Nf3 d6 3. d4 cxd4 4. Nxd4 Nf6 5. Nc3 g6 6. Be3 Bg7 7. f3 Nc6 8. Qd2 0-0 9. Bc4 Bd7 10. 0-0-0 Ne5 11. Bb3 Qa5 12. g4 Rfc8 13. h4 Nc4 14. Bxc4 Rxc4 15. Nb3 Qa6 16. h5 Rac8 17. hxg6 fxg6 18. e5 Ne8 19. Qh2 Rxc3 20. Qxh7+ Kf8 21. bxc3 Qxa2 22. Qxg6 Rxc3 23. Bh6 Be6 24. Bxg7+ Nxg7 25. Rh8+ Bg8 26. Qh7 Qxb3 27. Rd4 dxe5 28. Rd8+ Ne8 29. Rxg8+ Qxg8 30. Rxe8+ Kxe8 31. Qxg8+ Kd7 32. Qd5+ Ke8 33. Qxb7 1-0

[Event "Arco op 33rd"]
[Site "Arco"]
[Date "2011.10.22"]
[Round "1"]
[White "Niccoli, Paolo"]
[Black "De Polzer, Manfredi"]
[Result "1-0"]
[WhiteElo "1943"]
[BlackElo "1706"]
[PlyCount "43"]
[EventDate "2011.10.22"]
[EventType "swiss"]
[EventRounds "9"]
[EventCountry "ITA"]
[SourceTitle "EXT 2012"]
[Source "ChessBase"]
[SourceDate "2011.11.24"]
[SourceVersion "1"]
[SourceVersionDate "2011.11.24"]
[SourceQuality "1"]

1. e4 c5 2. Nf3 Nc6 3. d4 cxd4 4. Nxd4 d6 5. Nc3 g6 6. Be3 Bg7 7. Qd2 Nf6 8. f3 0-0 9. Bc4 a6 10. 0-0-0 Bd7 11. g4 Rc8 12. Bb3 Na5 13. h4 Nxb3+ 14. axb3 h5 15. Bh6 hxg4 16. h5 gxf3 17. hxg6 Ng4 18. Bxg7 Kxg7 19. Nf5+ Bxf5 20. exf5 Rh8 21. Qg5 Nf6 22. gxf7+ 1-0

[Event "Arco op 32nd"]
[Site "Arco"]
[Date "2010.10.24"]
[Round "9"]
[White "Niccoli, Paolo"]
[Black "Mumelter, Igor"]
[Result "1-0"]
[WhiteElo "1962"]
[BlackElo "1839"]
[PlyCount "133"]
[EventDate "2010.10.16"]
[EventType "swiss"]
[EventRounds "9"]
[EventCountry "ITA"]
[SourceTitle "EXT 2024"]
[Source "ChessBase"]
[SourceDate "2023.10.10"]
[SourceVersion "1"]
[SourceVersionDate "2023.10.10"]
[SourceQuality "1"]

1. e4 c6 2. d4 d5 3. Nc3 dxe4 4. Nxe4 Bf5 5. Ng3 Bg6 6. Nf3 Nd7 7. h4 h6 8. h5 Bh7 9. Bd3 Bxd3 10. Qxd3 e6 11. Bf4 Qa5+ 12. Bd2 Bb4 13. c3 Be7 14. a3 Ngf6 15. c4 Qc7 16. 0-0-0 0-0 17. Ne4 b5 18. c5 a5 19. b3 Rfd8 20. Qe2 Nxe4 21. Qxe4 Bxc5 22. dxc5 Nxc5 23. Qe3 Nd3+ 24. Kb1 c5 25. Bc3 c4 26. Bd4 Qe7 27. Bb2 Rd5 28. Rh4 Rc8 29. Rd4 Rxd4 30. Qxd4 e5 31. Nxe5 Nxb2 32. Kxb2 c3+ 33. Ka2 c2 34. Rc1 Qg5 35. Qe3 Qf5 36. Qh3 Qxh3 37. gxh3 Rc5 38. f4 f6 39. Nd3 Rc3 40. Nf2 a4 41. b4 Rf3 42. Ne4 Rxh3 43. Rxc2 Rxh5 44. Kb2 Rf5 45. Rf2 Kf8 46. Kc3 Ke7 47. Kd4 Ke6 48. Nc3 g5 49. Re2+ Kd6 50. fxg5 hxg5 51. Ne4+ Kc6 52. Rc2+ Kb6 53. Rc8 Rf3 54. Rf8 Rxa3 55. Rxf6+ Kc7 56. Nxg5 Rb3 57. Kc5 a3 58. Ra6 Kb7 59. Ra5 Re3 60. Nf7 Kc7 61. Kxb5 Kb8 62. Ra6 Re7 63. Nd6 Ra7 64. Rc6 Rc7 65. Rb6+ Ka8 66. Ra6+ Ra7 67. Rc6 1-0